Fisheries Technology/ (Record no. 757034)
[ view plain ]
| 000 -LEADER | |
|---|---|
| fixed length control field | 00334nam a22001337a 4500 |
| 020 ## - INTERNATIONAL STANDARD BOOK NUMBER | |
| ISBN | 978-93-6224-986-9 |
| 082 ## - DEWEY DECIMAL CLASSIFICATION NUMBER | |
| Classification number | 338.3727KUM/F |
| 245 ## - TITLE STATEMENT | |
| Title | Fisheries Technology/ |
| Statement of responsibility, etc | ecd by Jitendar Kumar |
| 260 ## - PUBLICATION, DISTRIBUTION, ETC. (IMPRINT) | |
| Place of publication | .-Newdelhi |
| Name of publisher | :DPH |
| Year of publication | ,2025 |
| 300 ## - PHYSICAL DESCRIPTION | |
| Number of Pages | 270p |
| 700 ## - ADDED ENTRY--PERSONAL NAME | |
| Personal name | Kumar,Jitendar |
| 942 ## - ADDED ENTRY ELEMENTS (KOHA) | |
| Source of classification or shelving scheme | Dewey Decimal Classification |
| Koha item type | Book |
| Withdrawn status | Lost status | Source of classification or shelving scheme | Damaged status | Not for loan | Home Library | Current Location | Shelving location | Date acquired | Source of acquisition | Full call number | Accession Number | Price effective from | Koha item type |
|---|---|---|---|---|---|---|---|---|---|---|---|---|---|
| Dewey Decimal Classification | Dept. of Aquatic Biology and Fisheries | Dept. of Aquatic Biology and Fisheries | General Stacks | 18/02/2026 | ABD/8 | 338.3727KUM/F | AQU6613 | 25/02/2026 | Book |
